English-Russian-Russian-English Dictionary

Podrobná bibliografie
Hlavní autor: Katzner K. Kenneth
Jazyk:ruština
angličtina
Vydáno: New York, A Wiley-Interscience Publication, 1984
Vydání:Репр. изд.
Témata:
Médium: MixedMaterials Kniha
KOHA link:https://koha.lib.tpu.ru/cgi-bin/koha/opac-detail.pl?biblionumber=82611

MARC

LEADER 00000nam0a2200000 4500
001 82611
005 20231031095800.0
010 |a 0471867632 
010 |a 5-85434-079-8 
035 |a (RuTPU)RU\TPU\book\88774 
090 |a 82611 
100 |a 20051004d1995 m y0engy50 ba 
101 0 |a rus  |a eng 
102 |a US 
105 |a y e 000zy 
200 1 |a English-Russian-Russian-English Dictionary  |f K. Katzner 
205 |a Репр. изд. 
210 |a New York  |a Chichester  |a Brisbane  |a Toronto  |a Singapore  |c A Wiley-Interscience Publication  |c John Wiley & Sons  |d 1984 
215 |a 904 с. 
610 1 |a языкознание 
610 1 |a лингвистика 
610 1 |a англо-русские словари 
610 1 |a русско-английские словари 
610 1 |a термины 
686 |a Ш143.21  |v LBC/SL-A  |2 rubbk 
700 1 |a Katzner  |b K.  |g Kenneth 
801 1 |a RU  |b 63413507  |c 20051004  |g PSBO 
801 2 |a RU  |b 63413507  |c 20120712  |g RCR 
942 |c BK